Southville International School and Colleges
Your cart is empty.
  • Cart
  • Lists
    Public lists Eva Luna New books Lux_list list_1
    Your lists Log in to create your own lists
  • Log in to your account
  • Your cookies
  • Search history
Southville International School and Colleges
  • Advanced search
  • Recent comments
  • Most popular
  • Libraries

Log in to your account

Log in with GOOGLE


If you do not have an external account, but do have a local account, you can still log in:

  1. Home
  2. MARC view: How to survive the loss of a love :
Normal view MARC view ISBD view

How to survive the loss of a love : (Record no. 284002)

[ view plain ]
MARC details
000 -LEADER
fixed length control field 00876cam a2200277 i 4500
001 - CONTROL NUMBER
control field 1273614
003 - CONTROL NUMBER IDENTIFIER
control field PILC
005 - DATE AND TIME OF LATEST TRANSACTION
control field 20150518084710.0
008 - FIXED-LENGTH DATA ELEMENTS--GENERAL INFORMATION
fixed length control field 760506s1976 nyu 000 0 eng
010 ## - LIBRARY OF CONGRESS CONTROL NUMBER
LC control number 75042844
020 ## - INTERNATIONAL STANDARD BOOK NUMBER
Terms of availability 0553206249
040 ## - CATALOGING SOURCE
Original cataloging agency DLC
Transcribing agency DLC
Modifying agency DLC
-- WaU
050 00 - LIBRARY OF CONGRESS CALL NUMBER
Classification number BF 575.G7
Item number .C695 1976
082 00 - DEWEY DECIMAL CLASSIFICATION NUMBER
Classification number 155.9/2
100 1# - MAIN ENTRY--PERSONAL NAME
Personal name Colgrove, Melba.
245 10 - TITLE STATEMENT
Title How to survive the loss of a love :
Remainder of title 58 things to do when there is nothing to be done /
Statement of responsibility, etc Melba Colgrove, Harold H. Bloomfield & Peter McWilliams.
260 ## - PUBLICATION, DISTRIBUTION, ETC. (IMPRINT)
Place of publication, distribution, etc New York :
Name of publisher, distributor, etc Bantam Books,
Date of publication, distribution, etc 1976.
300 ## - PHYSICAL DESCRIPTION
Extent 119 pages ;
Dimensions 19 cm.
650 #0 - SUBJECT ADDED ENTRY--TOPICAL TERM
Topical term or geographic name as entry element Grief.
650 #0 - SUBJECT ADDED ENTRY--TOPICAL TERM
Topical term or geographic name as entry element Separation (Psychology).
650 #0 - SUBJECT ADDED ENTRY--TOPICAL TERM
Topical term or geographic name as entry element Loss (Psychology).
700 1# - ADDED ENTRY--PERSONAL NAME
Personal name Bloomfield, Harold H.,
Dates associated with a name 1944-
700 1# - ADDED ENTRY--PERSONAL NAME
Personal name McWilliams, Peter.
906 ## - LOCAL DATA ELEMENT F, LDF (RLIN)
a 7
b cbc
c orignew
d 2
e ocip
f 19
g y-gencatlg
942 ## - ADDED ENTRY ELEMENTS (KOHA)
Source of classification or shelving scheme Library of Congress Classification
Koha item type Books
Call number prefix Foreign
Holdings
Withdrawn status Lost status Source of classification or shelving scheme Damaged status Home library Current library Shelving location Date acquired Source of acquisition Total Checkouts Full call number Barcode Date last seen Date checked out Price effective from Koha item type
    Library of Congress Classification   Archives Archives   05/18/2015 Donation 1 BF 575.G7 .C695 1976 C19305 05/15/2018 01/19/2016 05/18/2015 Books

How to survive the loss of a love :

APA

Colgrove M., Bloomfield H. H. & McWilliams P. (1976). How to survive the loss of a love. New York: Bantam Books.

Chicago

Colgrove Melba, Bloomfield Harold H and McWilliams Peter. 1976. How to survive the loss of a love. New York: Bantam Books.

Harvard

Colgrove M., Bloomfield H. H. and McWilliams P. (1976). How to survive the loss of a love. New York: Bantam Books.

MLA

Colgrove Melba, Bloomfield Harold H and McWilliams Peter. How to survive the loss of a love. New York: Bantam Books. 1976.

  • Place hold
  • Print
  • Cite
  • Add to your cart (remove)
  • Save record
    BIBTEX Dublin Core MARCXML MARC (non-Unicode/MARC-8) MARC (Unicode/UTF-8) MARC (Unicode/UTF-8, Standard) MODS (XML) RIS
  • More searches
    Search for this title in:
    Other Libraries (WorldCat) Other Databases (Google Scholar) Online Stores (Bookfinder.com) Open Library (openlibrary.org)

Exporting to Dublin Core...

SOUTHVILLE LIBRARY

Southville International School and Colleges Library

1281 Tropical Ave. Cor. Luxembourg St., BF Homes International, Las Pinas City

Tel. No. 8256374 / 252358 Loc. 117/146

Powered by Koha